| 000 | 00355 a2200133 4500 | ||
|---|---|---|---|
| 999 |
_c325536 _d325536 |
||
| 001 | 90463 | ||
| 003 | NUST | ||
| 005 | 20180124165113.0 | ||
| 082 | _a615.532 JAV | ||
| 100 |
_aJaved Iqbal Dr _99865 |
||
| 245 |
_aDor e Jadeed kay 4 barray masaail _cJaved Iqbal _hUrdu |
||
| 260 |
_aLahore _bIlm-o-Irfan Publishers _c2013 |
||
| 300 | _a312p. | ||
| 500 | _aGeneral Collection | ||
| 942 |
_aCAE NUST _cBK _k615.532 JAV _2ddc |
||